00477nam a2200169Ia 450000500170000000800410001708200130005810000210007124500220009225000080011426000430012230000120016565000100017794200060018795200990019399900150029220250405121734.0240331s9999 xx 000 0 und d bSENa894 aSengaiyaliyan, K 0aOrumaya vaddankal a2nd aNiraaviyadibKamalam Pathippagamc1991 a94 p ., aNovel cL 001040708LaWERCLbWERCLcSSCd2024-03-31l0o 894.811 SENp1209r2024-03-31w2024-03-31yL c4060d4060